000 00450nam a22001697a 4500
005 20250708115614.0
008 250708b |||||||| |||| 00| 0 eng d
020 _a978-0-8400-3230-0
100 _aHEIMAN, GARY W.
245 _aBASIC STATISTICS FOR BEHAVIORAL SCIENCES
250 _a6TH
260 _aBELMONT
_bWADSWORTH, CENGAGE LEARNING
_c2011
300 _aXXX,468P.
500 _aINCLUDES INDEX,
650 _aSTATISTICS
942 _2lcc
_cBK
999 _c215843
_d215843